| 000 | 00698nam a22001937a 4500 | ||
|---|---|---|---|
| 999 |
_c185124 _d185124 |
||
| 005 | 20220128122451.0 | ||
| 010 | _aUR-11413 | ||
| 020 |
_c128.00 _a9789390533145 |
||
| 035 | _aU-9968 | ||
| 037 |
_bDBAD/PUB _adpl |
||
| 082 | _a270.920 | ||
| 100 | _aمحمد منيف ا لد ين قر يشی | ||
| 245 |
_aخز ا ين ا لا نو ا ر _cمحمد منيف ا لد ين قر يشی |
||
| 246 |
_bKhaza-e-Nul Anwaar (Urdu) _aby M. Munifuddin Qureshi |
||
| 260 |
_aDelhi _bEducational Publishing House _c2020 ء |
||
| 270 |
_a3191,Vakil Street,Kucha Pandit,Lal Kuan, _bDelhi _e110006 _k23216162 _l- |
||
| 300 |
_a198 ص _c22 Cm(Hb) |
||
| 942 |
_2ddc _cUR _h270.920 _mم ح م |
||